000 00927cam a2200313Ia 4500
999 _c4699
_d4699
001 00854056
003 OCoLC
005 20250310103732.0
008 950824s1995 enk 000 1 eng d
015 _aGB95-62850
020 _a1853262323 :
020 _a9781853262326
040 _aUUP
_cUUP
_dUKM
_dOCL
_dOCLCQ
_dBTCTA
_dYDXCP
_dRCU
_dKH8
042 _anbic
043 _ae-uk-en
049 _aRCUA
050 4 _aPR4561
_bD548
082 0 4 _a823.8 DIC
100 1 _aDickens, Charles,
_d1812-1870,
_eauthor.
245 1 0 _aHard times /
_cCharles Dickens.
260 _aWare :
_bWordsworth classics,
_c1c995.
300 _aviii, 229 p. ;
_c20 cm.
490 0 _aWordsworth Classics.
500 _a"Complete and unabridged"--Cover.
651 0 _aEngland
_xSocial conditions
_y19th century
_vFiction.
651 0 _aEngland
_xSocial life and customs
_y19th century
_vFiction.
653 0 _aEnglish fiction.
942 _2ddc
_cNFIC